| 000 | 00435nam a22001817a 4500 | ||
|---|---|---|---|
| 003 | CEME | ||
| 005 | 20210628204630.0 | ||
| 008 | 210222b xxu||||| |||| 00| 0 eng d | ||
| 020 | _a0-03-006119-9 | ||
| 040 | _c. | ||
| 082 | _a629.892 WOL'R | ||
| 100 |
_aWolovich, W. A _971406 |
||
| 245 | _aRobotics basic analysis and design | ||
| 260 |
_aNEWYORK _bHOLT _c1987 |
||
| 300 | _a393P | ||
| 650 |
_aROBOTICS _92585 |
||
| 942 |
_cBK _2ddc |
||
| 999 |
_c577940 _d577940 |
||